| 000 | 00780nam a22002177a 4500 | ||
|---|---|---|---|
| 999 |
_c1136 _d1136 |
||
| 003 | AR-CdUCM | ||
| 008 | 190226b ||||| |||| 00| 0 spa d | ||
| 020 | _a968816061 | ||
| 040 |
_aMUNICIPALIDAD PROVINCIAL DEL CUSCO _cBIBLIOTECA MUNICIPAL DEL CUSCO |
||
| 082 |
_a974.9011 / _bAL36 |
||
| 100 |
_aAlcocer, Alfonso _94461 |
||
| 245 | _aLa campana de Dolores / | ||
| 260 |
_aMéxico : _bDepartamento del distrito federal, _c1985. |
||
| 300 |
_a122 páginas ; _bFotografías. _c20 cm. |
||
| 505 | _aLa histórica campaña y el grito de independencia -- Iniciativas para el traslado de la campana y su identificación -- El traslado ... | ||
| 650 |
_aHistoria. _9136 |
||
| 650 |
_aParroquia. _94462 |
||
| 650 |
_aCampana. _94463 |
||
| 942 |
_2ddc _cLIBROS |
||
| 945 |
_amvr _d2019-02-26 |
||